Groups of Animals - Statistics

General Stats
  • This quiz has been taken 186 times
  • The average score is 6 of 10
Answer Stats
Hint Answer % Correct
lion pride
93%
crow murder
82%
dolphin school
77%
dog kennel
76%
bison herd
75%
goose flock
72%
wasp swarm
67%
owl parliament
33%
oyster bed
28%
cheetah coalition
13%
No matching quizzes found
Score Distribution
Percent of People with Each Score
Percentile by Number Answered
Your Score History
You have not taken this quiz